MARC

LEADER 00000nam0a2200000 4500
001 142064
005 20231101220939.0
010 |a 5868830016 
020 |a RU  |b 94-256 
035 |a (RuTPU)RU\TPU\book\153964 
090 |a 142064 
100 |a 20080901d1993 m y0rusy5003 ca 
101 0 |a rus 
102 |a RU 
105 |a a z 000ay 
200 1 |a Кузьма Минин  |e Роман  |f В. И. Костылев 
210 |a Домодедово  |c ВАП  |d 1993 
215 |a 334,[2] с.  |c ил.  |d 21 см 
600 1 |a Минин  |b К. М.  |c нижегородский посадский человек, один из инициаторов и руководителй Ополчения  |c соратник Пожарского  |f ?-1616  |g Кузьма Минич  |2 stltpush  |3 (RuTPU)RU\TPU\pers\10768  |9 2384 
610 1 |a Польско-шведская интервенция 
610 1 |a Русское государство. 
610 1 |a исторические романы 
610 1 |a рассказы 
610 1 |a 17 век 
675 |a Р2  |z rus 
700 1 |a Костылев  |b В. И.  |g Валентин Иванович  |4 070 
801 0 |a RU  |b RuMRKP  |c 19950413  |g psbo 
801 1 |a RU  |b 63413507  |c 20080901  |g PSBO 
801 2 |a RU  |b 63413507  |c 20140314  |g PSBO 
942 |c BK